000 00495nam a22001697a 4500
005 20251108170705.0
008 250721s1989 xx 000 0 eng d
082 1 4 _aR/670.095/UNI
245 1 0 _aIssues of Inter - and Inrare gional trade and marketing of .... /
264 1 _aNew York :
_bESCWA,
_c1989.
300 _a108p
650 1 7 _aIndustrial
650 1 7 _aWestern Asia
710 2 _aUnited Nation . Economic and Social Commission for Western Asia
942 _2ddc
_cBK
999 _c46677
_d46677